[Event "Wroclaw"]
[Site "?"]
[Date "2020.08.25"]
[Round "10.10"]
[White "Nowak, Mikolaj"]
[Black "Kulesza, Andrzej"]
[Result "1-0"]
[BlackElo "1717"]
[WhiteElo "2200"]
[LiveChessVersion "1.4.8"]

1. Nf3 {[%clk 0:15:18]} Nf6 {[%clk 0:15:19]} 2. c4 {[%clk 0:15:25]} e6
{[%clk 0:15:26]} 3. d4 {[%clk 0:15:26]} b6 {[%clk 0:15:28]} 4. Nc3
{[%clk 0:15:18]} Bb7 {[%clk 0:15:31]} 5. Bf4 {[%clk 0:15:14]} Be7
{[%clk 0:15:24]} 6. e3 {[%clk 0:15:20]} O-O {[%clk 0:15:27]} 7. Qc2
{[%clk 0:15:09]} c5 {[%clk 0:15:32]} 8. dxc5 {[%clk 0:15:08]} bxc5
{[%clk 0:15:36]} 9. Be2 {[%clk 0:15:05]} d5 {[%clk 0:15:39]} 10. Rd1
{[%clk 0:15:08]} Nbd7 {[%clk 0:15:46]} 11. a3 {[%clk 0:15:08]} Qb6
{[%clk 0:15:31]} 12. O-O {[%clk 0:14:55]} Rac8 {[%clk 0:15:37]} 13. h3
{[%clk 0:14:43]} Rfd8 {[%clk 0:15:34]} 14. Bh2 {[%clk 0:14:27]} a6
{[%clk 0:15:03]} 15. Rd2 {[%clk 0:13:40]} Qa7 {[%clk 0:14:01]} 16. Rfd1
{[%clk 0:13:25]} Nb6 {[%clk 0:14:04]} 17. cxd5 {[%clk 0:13:07]} exd5
{[%clk 0:14:06]} 18. Ne5 {[%clk 0:11:30]} Bd6 {[%clk 0:13:49]} 19. Ng4
{[%clk 0:10:34]} Bxh2+ {[%clk 0:13:25]} 20. Kxh2 {[%clk 0:10:41]} Nxg4+
{[%clk 0:13:32]} 21. Bxg4 {[%clk 0:10:46]} Rc6 {[%clk 0:13:39]} 22. Nxd5
{[%clk 0:07:51]} Nxd5 {[%clk 0:12:14]} 23. Rxd5 {[%clk 0:07:58]} Qb8+
{[%clk 0:12:15]} 24. Kg1 {[%clk 0:07:19]} Rf8 {[%clk 0:12:23]} 25. Rxc5
{[%clk 0:06:30]} Rg6 {[%clk 0:12:29]} 26. Rc1 {[%clk 0:04:29]} Qa8
{[%clk 0:12:25]} 27. f4 {[%clk 0:03:07]} Be4 {[%clk 0:12:29]} 28. Qc4
{[%clk 0:02:04]} Bb7 {[%clk 0:11:34]} 29. Kh2 {[%clk 0:01:58]} Kh8
{[%clk 0:11:31]} 30. Qe2 {[%clk 0:01:54]} f5 {[%clk 0:09:47]} 31. Bf3
{[%clk 0:01:47]} Bxf3 {[%clk 0:09:55]} 32. Qxf3 {[%clk 0:01:55]} Qb8
{[%clk 0:10:03]} 33. b4 {[%clk 0:01:59]} Re6 {[%clk 0:10:02]} 34. R1c3
{[%clk 0:01:47]} Re4 {[%clk 0:09:02]} 35. Rxf5 {[%clk 0:01:24]} Rfe8
{[%clk 0:09:09]} 36. Rfc5 {[%clk 0:01:19]} h6 {[%clk 0:09:11]} 37. Qxe4
{[%clk 0:01:10]} Rxe4 {[%clk 0:09:13]} 38. Rc8+ {[%clk 0:01:18]} Re8
{[%clk 0:09:22]} 39. Rxb8 {[%clk 0:01:27]} Rxb8 {[%clk 0:09:31]} 40. Rc5
{[%clk 0:01:30]} Kg8 {[%clk 0:09:38]} 41. Kg3 {[%clk 0:01:38]} Kf7
{[%clk 0:09:47]} 42. f5 {[%clk 0:01:46]} Kf6 {[%clk 0:09:51]} 43. Kf4
{[%clk 0:01:54]} Rd8 {[%clk 0:09:58]} 44. Rc6+ {[%clk 0:02:01]} Kf7
{[%clk 0:10:07]} 45. Rxa6 {[%clk 0:02:09]} Rd2 {[%clk 0:10:16]} 46. g4
{[%clk 0:02:15]} Rh2 {[%clk 0:10:24]} 47. Kg3 {[%clk 0:02:05]} Re2
{[%clk 0:10:33]} 48. Re6 {[%clk 0:01:55]} Ra2 {[%clk 0:10:41]} 49. b5
{[%clk 0:01:47]} Rxa3 {[%clk 0:10:49]} 50. b6 {[%clk 0:01:56]} Rb3
{[%clk 0:10:58]} 51. h4 {[%clk 0:01:57]} Rb5 {[%clk 0:11:04]} 52. Kf4
{[%clk 0:01:58]} Rb4+ {[%clk 0:11:12]} 53. e4 {[%clk 0:02:05]} Rb1
{[%clk 0:11:20]} 54. Rc6 {[%clk 0:02:14]} Kg8 {[%clk 0:11:27]} 55. g5
{[%clk 0:02:19]} hxg5+ {[%clk 0:11:30]} 56. hxg5 {[%clk 0:02:27]} Kh7
{[%clk 0:11:29]} 57. Rc8 {[%clk 0:02:23]} Rf1+ {[%clk 0:11:32]} 58. Ke5
{[%clk 0:02:29]} Rb1 {[%clk 0:11:40]} 59. Rc6 {[%clk 0:02:18]} Rb4
{[%clk 0:11:22]} 60. Kd5 {[%clk 0:02:15]} Rb5+ {[%clk 0:11:30]} 61. Kd6
{[%clk 0:02:19]} Rb1 {[%clk 0:11:38]} 62. Kc7 {[%clk 0:02:26]} Rb4
{[%clk 0:11:46]} 63. b7 {[%clk 0:02:31]} g6 {[%clk 0:11:50]} 64. b8=Q
{[%clk 0:02:34]} 1-0

[Event "Wroclaw"]
[Site "?"]
[Date "2020.08.25"]
[Round "10.11"]
[White "Majocha, Piotr"]
[Black "Wolak, Kamil"]
[Result "1/2-1/2"]
[BlackElo "1560"]
[WhiteElo "1822"]
[LiveChessVersion "1.4.8"]

1. Nf3 g6 {[%clk 0:15:08]} 2. c4 {[%clk 0:15:24]} Bg7 {[%clk 0:15:16]} 3. d4
{[%clk 0:15:31]} c6 {[%clk 0:15:25]} 4. Nc3 {[%clk 0:15:38]} d5 {[%clk 0:15:32]}
5. Bf4 {[%clk 0:15:10]} dxc4 {[%clk 0:14:42]} 6. a4 {[%clk 0:15:13]} Nf6
{[%clk 0:14:13]} 7. e4 Bg4 {[%clk 0:14:03]} 8. Bxc4 {[%clk 0:14:54]} O-O
{[%clk 0:13:10]} 9. Be3 {[%clk 0:13:36]} Nbd7 {[%clk 0:12:48]} 10. O-O
{[%clk 0:13:15]} e5 {[%clk 0:12:01]} 11. dxe5 {[%clk 0:12:27]} Bxf3
{[%clk 0:11:58]} 12. Qxf3 {[%clk 0:11:22]} Nxe5 {[%clk 0:12:00]} 13. Qe2
{[%clk 0:11:30]} Nxc4 {[%clk 0:11:14]} 14. Qxc4 {[%clk 0:11:38]} Qc7
{[%clk 0:11:17]} 15. f3 {[%clk 0:11:01]} Rfd8 {[%clk 0:10:28]} 16. Rad1
{[%clk 0:10:01]} b6 {[%clk 0:08:52]} 17. g3 {[%clk 0:09:31]} Ne8 {[%clk 0:08:13]}
18. Qb3 {[%clk 0:05:53]} Rxd1 {[%clk 0:07:41]} 19. Rxd1 {[%clk 0:06:01]} Rd8
{[%clk 0:07:47]} 20. Bf4 {[%clk 0:04:50]} Rxd1+ {[%clk 0:07:08]} 21. Qxd1
{[%clk 0:04:54]} Qe7 {[%clk 0:07:14]} 22. Qd2 {[%clk 0:03:21]} h5
{[%clk 0:04:58]} 23. Ne2 {[%clk 0:03:04]} Nc7 {[%clk 0:04:33]} 24. Bg5
{[%clk 0:01:49]} Bf6 {[%clk 0:03:28]} 25. Bxf6 {[%clk 0:01:53]} Qxf6
{[%clk 0:03:36]} 26. Kg2 {[%clk 0:01:40]} Ne6 {[%clk 0:03:29]} 27. b3
{[%clk 0:00:58]} c5 {[%clk 0:01:54]} 28. f4 {[%clk 0:00:57]} Qd8 {[%clk 0:01:24]}
29. Qxd8+ {[%clk 0:00:52]} Nxd8 {[%clk 0:01:33]} 30. Kf3 {[%clk 0:00:35]} Nc6
{[%clk 0:01:38]} 31. e5 {[%clk 0:00:24]} Kf8 {[%clk 0:01:25]} 32. Ke4
{[%clk 0:00:30]} Ke7 {[%clk 0:01:26]} 33. h3 {[%clk 0:00:30]} Na5
{[%clk 0:01:24]} 34. Nc1 {[%clk 0:00:39]} Ke6 {[%clk 0:00:53]} 35. g4
{[%clk 0:00:47]} hxg4 {[%clk 0:00:36]} 36. hxg4 {[%clk 0:00:56]} c4
{[%clk 0:00:17]} 37. f5+ {[%clk 0:01:01]} gxf5+ {[%clk 0:00:26]} 38. gxf5+
{[%clk 0:01:10]} Ke7 {[%clk 0:00:29]} 39. b4 {[%clk 0:00:20]} Nc6
{[%clk 0:00:37]} 40. b5 {[%clk 0:00:28]} Na5 {[%clk 0:00:29]} 41. Kd4
{[%clk 0:00:19]} f6 {[%clk 0:00:37]} 42. e6 {[%clk 0:00:27]} Nb7 {[%clk 0:00:46]}
43. Kxc4 {[%clk 0:00:23]} Nd6+ {[%clk 0:00:54]} 44. Kd5 {[%clk 0:00:32]} Nxf5
{[%clk 0:00:49]} 45. Kc6 {[%clk 0:00:41]} Nd6 {[%clk 0:00:48]} 46. Kd5
{[%clk 0:00:43]} Nb7 {[%clk 0:00:21]} 47. Nd3 {[%clk 0:00:49]} Nc5
{[%clk 0:00:12]} 48. Nxc5 {[%clk 0:00:49]} bxc5 {[%clk 0:00:21]} 49. Kxc5
{[%clk 0:00:58]} f5 {[%clk 0:00:31]} 50. Kd5 {[%clk 0:01:05]} f4 {[%clk 0:00:39]}
51. Ke4 {[%clk 0:01:14]} Kxe6 {[%clk 0:00:45]} 52. Kxf4 {[%clk 0:01:19]} Kd6
{[%clk 0:00:53]} 53. a5 {[%clk 0:00:40]} Kc5 {[%clk 0:01:00]} 54. b6
{[%clk 0:00:49]} axb6 {[%clk 0:01:07]} 55. axb6 {[%clk 0:00:58]} Kxb6
{[%clk 0:01:16]} 1/2-1/2

[Event "Wroclaw"]
[Site "?"]
[Date "2020.08.25"]
[Round "11.2"]
[White "Kozak, Antoni"]
[Black "Golenia, Jan"]
[Result "0-1"]
[BlackElo "2033"]
[WhiteElo "2270"]
[LiveChessVersion "1.4.8"]

1. d4 {[%clk 0:15:19]} e6 {[%clk 0:15:19]} 2. c4 {[%clk 0:15:06]} b6
{[%clk 0:15:28]} 3. Nf3 {[%clk 0:13:19]} Bb7 {[%clk 0:15:36]} 4. e3
{[%clk 0:13:27]} Bb4+ {[%clk 0:14:45]} 5. Nbd2 {[%clk 0:13:24]} f5
{[%clk 0:14:45]} 6. Bd3 {[%clk 0:13:08]} Nf6 {[%clk 0:14:50]} 7. O-O
{[%clk 0:13:04]} O-O {[%clk 0:14:45]} 8. a3 {[%clk 0:12:56]} Be7 {[%clk 0:14:16]}
9. Qc2 {[%clk 0:13:00]} Qe8 {[%clk 0:13:51]} 10. e4 {[%clk 0:12:46]} fxe4
{[%clk 0:12:01]} 11. Nxe4 {[%clk 0:12:54]} Nxe4 {[%clk 0:12:01]} 12. Bxe4
{[%clk 0:13:03]} Bxe4 {[%clk 0:12:10]} 13. Qxe4 {[%clk 0:13:11]} Nc6
{[%clk 0:11:31]} 14. d5 {[%clk 0:11:09]} exd5 {[%clk 0:11:39]} 15. cxd5
{[%clk 0:11:18]} Na5 {[%clk 0:11:09]} 16. Qc2 {[%clk 0:06:41]} Bd6
{[%clk 0:09:56]} 17. Ng5 {[%clk 0:05:51]} Qh5 {[%clk 0:09:35]} 18. g3
{[%clk 0:06:00]} Rae8 {[%clk 0:08:49]} 19. b4 {[%clk 0:04:29]} Nb7
{[%clk 0:08:38]} 20. Bd2 {[%clk 0:03:59]} Re5 {[%clk 0:07:18]} 21. h4
{[%clk 0:03:11]} Qg6 {[%clk 0:07:05]} 22. Qc4 {[%clk 0:00:52]} h6
{[%clk 0:06:02]} 23. Nh3 {[%clk 0:00:30]} Re4 {[%clk 0:06:11]} 24. Qd3
{[%clk 0:00:40]} Qg4 {[%clk 0:06:19]} 25. Nf4 {[%clk 0:00:17]} Rexf4
{[%clk 0:05:39]} 26. Bxf4 {[%clk 0:00:26]} Rxf4 {[%clk 0:05:12]} 27. Rae1
{[%clk 0:00:32]} Rf8 {[%clk 0:04:58]} 28. Kg2 {[%clk 0:00:35]} Nd8 29. Re4
{[%clk 0:00:21]} Qf5 {[%clk 0:04:43]} 30. f4 {[%clk 0:00:20]} Nf7
{[%clk 0:04:35]} 31. Rfe1 {[%clk 0:00:23]} Nh8 {[%clk 0:04:32]} 32. Qb5
{[%clk 0:00:13]} Ng6 {[%clk 0:04:27]} 33. R1e3 {[%clk 0:00:17]} Qg4
{[%clk 0:04:24]} 34. Kf2 {[%clk 0:00:15]} Qh3 {[%clk 0:03:13]} 35. Qf1
{[%clk 0:00:18]} Qxf1+ {[%clk 0:03:20]} 36. Kxf1 {[%clk 0:00:26]} Kf7
{[%clk 0:03:26]} 37. Ke2 {[%clk 0:00:22]} Ne7 {[%clk 0:03:23]} 38. Rd3
{[%clk 0:00:32]} h5 {[%clk 0:03:22]} 39. b5 {[%clk 0:00:28]} Nf5 {[%clk 0:02:21]}
40. Ra4 {[%clk 0:00:32]} Ra8 {[%clk 0:01:59]} 41. Kf3 {[%clk 0:00:40]} g6
{[%clk 0:02:06]} 42. g4 {[%clk 0:00:31]} hxg4+ {[%clk 0:01:35]} 43. Kxg4
{[%clk 0:00:40]} Kf6 {[%clk 0:01:29]} 44. Rh3 {[%clk 0:00:45]} Nh6+
{[%clk 0:01:30]} 45. Kf3 {[%clk 0:00:48]} Nf5 {[%clk 0:01:00]} 46. h5
{[%clk 0:00:27]} Rh8 {[%clk 0:01:09]} 47. Kg4 {[%clk 0:00:25]} gxh5+
{[%clk 0:01:14]} 48. Rxh5 Ne3+ {[%clk 0:01:09]} 49. Kh4 {[%clk 0:00:40]} Ng2+
{[%clk 0:01:12]} 50. Kg4 {[%clk 0:00:45]} Rxh5 {[%clk 0:01:12]} 51. Kxh5
{[%clk 0:00:53]} Nxf4+ {[%clk 0:01:20]} 52. Kg4 {[%clk 0:01:03]} Nxd5
{[%clk 0:01:29]} 53. Rxa7 {[%clk 0:01:12]} Nc3 {[%clk 0:01:34]} 54. a4
{[%clk 0:01:19]} Ke6 {[%clk 0:01:35]} 55. Kf3 {[%clk 0:01:28]} Kd5
{[%clk 0:01:38]} 56. a5 {[%clk 0:01:37]} bxa5 {[%clk 0:01:34]} 57. Rxa5
{[%clk 0:01:26]} Kc5 {[%clk 0:01:40]} 58. Ra8 {[%clk 0:01:35]} Nxb5
{[%clk 0:01:37]} 59. Rd8 {[%clk 0:01:44]} Kc6 {[%clk 0:01:42]} 60. Ke4
{[%clk 0:01:53]} Bc5 {[%clk 0:01:45]} 61. Kd3 {[%clk 0:02:02]} d5
{[%clk 0:01:52]} 62. Rh8 {[%clk 0:02:10]} Bd6 {[%clk 0:01:59]} 63. Rb8
{[%clk 0:02:18]} Kc5 {[%clk 0:02:07]} 64. Ra8 {[%clk 0:02:24]} c6
{[%clk 0:02:11]} 65. Ra6 {[%clk 0:02:33]} Bc7 {[%clk 0:02:17]} 66. Ra4
{[%clk 0:02:35]} d4 {[%clk 0:02:20]} 67. Ra6 {[%clk 0:02:28]} Kd5
{[%clk 0:02:24]} 68. Ra1 {[%clk 0:02:24]} c5 {[%clk 0:02:31]} 69. Rc1
{[%clk 0:02:32]} Bf4 {[%clk 0:02:32]} 70. Rh1 {[%clk 0:02:38]} c4+
{[%clk 0:02:39]} 71. Kc2 {[%clk 0:02:47]} d3+ {[%clk 0:02:46]} 72. Kb2
{[%clk 0:02:56]} c3+ {[%clk 0:02:50]} 73. Kb3 {[%clk 0:03:05]} c2
{[%clk 0:02:56]} 74. Rh5+ {[%clk 0:03:11]} Kd4 {[%clk 0:02:59]} 75. Rxb5
{[%clk 0:03:19]} c1=Q {[%clk 0:03:06]} 76. Rb4+ {[%clk 0:03:26]} Kc5
{[%clk 0:03:12]} 77. Ka2 {[%clk 0:03:31]} Qc2+ {[%clk 0:03:09]} 78. Ka1
{[%clk 0:03:39]} Be5+ {[%clk 0:03:17]} 79. Rd4 {[%clk 0:03:48]} Bxd4#
{[%clk 0:03:26]} 0-1

[Event "Wroclaw"]
[Site "?"]
[Date "2020.08.25"]
[Round "11.3"]
[White "Szpar, Milosz"]
[Black "Godzwon, Iwo"]
[Result "0-1"]
[BlackElo "2278"]
[WhiteElo "2262"]
[LiveChessVersion "1.4.8"]

1. Nf3 {[%clk 0:15:11]} Nf6 {[%clk 0:14:59]} 2. g3 {[%clk 0:14:40]} g6
{[%clk 0:15:07]} 3. Bg2 {[%clk 0:14:44]} Bg7 {[%clk 0:15:13]} 4. c4
{[%clk 0:14:22]} d5 {[%clk 0:12:36]} 5. O-O {[%clk 0:13:14]} O-O {[%clk 0:12:33]}
6. cxd5 {[%clk 0:12:48]} Nxd5 {[%clk 0:12:41]} 7. Nc3 {[%clk 0:12:54]} c5
{[%clk 0:12:11]} 8. Qb3 {[%clk 0:12:47]} Nxc3 {[%clk 0:12:03]} 9. dxc3
{[%clk 0:12:41]} Nc6 {[%clk 0:11:13]} 10. Qc4 {[%clk 0:10:33]} Qb6
{[%clk 0:09:59]} 11. a4 {[%clk 0:09:36]} Be6 {[%clk 0:09:53]} 12. Qh4
{[%clk 0:09:06]} f6 {[%clk 0:10:03]} 13. Qe4 {[%clk 0:07:11]} Bf7
{[%clk 0:08:58]} 14. Be3 {[%clk 0:07:01]} a5 {[%clk 0:08:26]} 15. Rfb1
{[%clk 0:06:25]} Rfd8 {[%clk 0:07:54]} 16. Nd2 {[%clk 0:05:52]} f5
{[%clk 0:07:20]} 17. Qc2 {[%clk 0:05:04]} Rac8 {[%clk 0:06:49]} 18. b3
{[%clk 0:04:17]} Qa6 {[%clk 0:06:32]} 19. Nc4 {[%clk 0:04:00]} Ne5
{[%clk 0:05:07]} 20. Na3 {[%clk 0:03:47]} Ng4 {[%clk 0:02:48]} 21. Bf4
{[%clk 0:03:56]} e5 {[%clk 0:02:39]} 22. Bg5 {[%clk 0:04:05]} Bf6
{[%clk 0:02:49]} 23. Bxf6 {[%clk 0:03:31]} Nxf6 {[%clk 0:02:58]} 24. Nb5
{[%clk 0:03:21]} Be8 {[%clk 0:02:23]} 25. c4 {[%clk 0:03:29]} Bc6
{[%clk 0:01:43]} 26. Bxc6 {[%clk 0:03:13]} bxc6 {[%clk 0:01:51]} 27. Nc3
{[%clk 0:03:20]} e4 {[%clk 0:01:22]} 28. Rd1 {[%clk 0:03:24]} Qb6
{[%clk 0:01:29]} 29. f3 {[%clk 0:02:53]} exf3 {[%clk 0:01:21]} 30. exf3
{[%clk 0:03:02]} Qc7 {[%clk 0:01:28]} 31. Re1 {[%clk 0:02:30]} Re8
{[%clk 0:01:30]} 32. Kf2 {[%clk 0:02:15]} Kf7 {[%clk 0:01:24]} 33. Rad1
{[%clk 0:02:08]} Rcd8 {[%clk 0:01:14]} 34. Ne2 {[%clk 0:01:23]} Rxd1
{[%clk 0:00:55]} 35. Rxd1 {[%clk 0:01:16]} Qe5 {[%clk 0:01:04]} 36. Rd3
{[%clk 0:01:23]} g5 {[%clk 0:00:56]} 37. Qd2 {[%clk 0:00:45]} g4 {[%clk 0:01:03]}
38. Re3 {[%clk 0:00:20]} Qb8 {[%clk 0:00:22]} 39. Nf4 {[%clk 0:00:16]} gxf3
{[%clk 0:00:28]} 40. Kxf3 {[%clk 0:00:24]} Rxe3+ {[%clk 0:00:27]} 41. Qxe3
{[%clk 0:00:33]} Ne4 {[%clk 0:00:37]} 42. Nd3 {[%clk 0:00:30]} Qd6
{[%clk 0:00:39]} 43. g4 {[%clk 0:00:20]} Qxh2 {[%clk 0:00:48]} 44. gxf5
{[%clk 0:00:26]} Nd2+ {[%clk 0:00:56]} 45. Kg4 {[%clk 0:00:33]} Qg2+
{[%clk 0:00:36]} 46. Kh5 {[%clk 0:00:25]} Qh2+ {[%clk 0:00:32]} 47. Kg4
{[%clk 0:00:33]} Qg2+ {[%clk 0:00:31]} 48. Kh5 {[%clk 0:00:33]} Ne4
{[%clk 0:00:19]} 49. Ne5+ {[%clk 0:00:25]} Kf6 {[%clk 0:00:27]} 50. Ng4+
{[%clk 0:00:23]} Kxf5 51. Nh6+ {[%clk 0:00:23]} Ke6 {[%clk 0:00:15]} 52. Kh4
{[%clk 0:00:20]} Kd7 {[%clk 0:00:17]} 53. Ng4 {[%clk 0:00:18]} Qh1+
{[%clk 0:00:26]} 54. Qh3 {[%clk 0:00:17]} Qxh3+ {[%clk 0:00:35]} 55. Kxh3
{[%clk 0:00:25]} Nd2 {[%clk 0:00:44]} 56. Nf6+ {[%clk 0:00:33]} Ke6
{[%clk 0:00:49]} 57. Nxh7 {[%clk 0:00:41]} Nxb3 {[%clk 0:00:57]} 58. Nf8+
{[%clk 0:00:28]} Ke5 {[%clk 0:01:03]} 59. Nd7+ {[%clk 0:00:37]} Kd4 60. Nb6
{[%clk 0:00:45]} Nd2 {[%clk 0:01:21]} 0-1

[Event "Wroclaw"]
[Site "?"]
[Date "2020.08.25"]
[Round "11.4"]
[White "Pytel, Maciej"]
[Black "Psyk, Radoslaw"]
[Result "1-0"]
[BlackElo "2236"]
[WhiteElo "1862"]
[LiveChessVersion "1.4.8"]

1. e4 Nf6 2. e5 Nd5 3. c4 Nb6 4. d4 d6 5. exd6 exd6 6. Bd3 g6 7. Ne2 Bg7 8. Be3
Na6 9. a3 c6 10. Nbc3 Nc7 11. Qd2 Be6 12. b3 d5 13. c5 Nd7 14. Bh6 O-O 15. h4 f5
16. Bf4 Nf6 17. f3 Nh5 18. Bd6 Rf7 19. Bc2 b6 20. b4 Bc8 21. Ng3 Nxg3 22. Bxg3
bxc5 23. bxc5 Ne6 24. Ne2 Ba6 25. Bd3 Nxd4 26. Bxa6 Nb3 27. Qd3 Qa5+ 28. Kf1 Nxc5
29. Be1 Qxa6 30. Qxa6 Nxa6 31. Rb1 Rb8 32. Rxb8+ Nxb8 33. Kf2 Rb7 34. Bb4 Bf8 35.
Bxf8 Kxf8 36. h5 Kg7 37. hxg6 hxg6 38. Rh4 Nd7 39. Ra4 Kf7 40. Ra6 Nb8 41. Ra5
Nd7 42. Nd4 Rc7 43. Ra6 Nb8 44. Ra4 Ke7 45. Ke3 a6 46. Rb4 Nd7 47. Ra4 Nc5 48.
Ra5 Ne6 49. Nc2 c5 50. Rxa6 d4+ 51. Kd2 c4 52. Nb4 c3+ 53. Kc2 Rb7 54. Nd3 Rb8
55. g3 g5 56. Ra7+ Kf6 57. a4 Rh8 58. Ra6 Rh2+ 59. Kb3 Ke7 60. Rc6 Rd2 61. Ne5
Rb2+ 62. Kc4 Ra2 63. Kd5 Nd8 64. Rc7+ Ke8 65. Rc4 c2 66. Nd3 Ra3 67. Kxd4 Rxa4
68. Rxa4 1-0

[Event "Wroclaw"]
[Site "?"]
[Date "2020.08.25"]
[Round "11.5"]
[White "Sanz Wawer, Daniel"]
[Black "Lis, Mateusz"]
[Result "0-1"]
[BlackElo "1973"]
[WhiteElo "2220"]
[LiveChessVersion "1.4.8"]

1. d4 {[%clk 0:15:18]} d5 {[%clk 0:15:18]} 2. c4 {[%clk 0:15:27]} e6
{[%clk 0:15:27]} 3. Nc3 {[%clk 0:15:36]} Nf6 {[%clk 0:15:36]} 4. Bf4
{[%clk 0:15:45]} Bb4 {[%clk 0:15:29]} 5. e3 {[%clk 0:15:37]} c5 {[%clk 0:14:56]}
6. Bd3 {[%clk 0:14:01]} Nc6 {[%clk 0:14:19]} 7. Nge2 {[%clk 0:13:54]} cxd4
{[%clk 0:14:12]} 8. exd4 {[%clk 0:14:01]} dxc4 {[%clk 0:14:13]} 9. Bxc4
{[%clk 0:14:09]} Nd5 {[%clk 0:14:16]} 10. Bd2 {[%clk 0:13:30]} Nb6
{[%clk 0:14:04]} 11. Bb5 {[%clk 0:13:23]} O-O {[%clk 0:13:57]} 12. a3
{[%clk 0:13:00]} Be7 {[%clk 0:13:51]} 13. Be3 {[%clk 0:10:57]} Bf6
{[%clk 0:13:39]} 14. O-O {[%clk 0:10:31]} Ne7 {[%clk 0:12:25]} 15. Ne4
{[%clk 0:09:16]} Ned5 {[%clk 0:12:25]} 16. Qd2 {[%clk 0:09:01]} a6
{[%clk 0:11:30]} 17. Nxf6+ {[%clk 0:08:42]} Qxf6 {[%clk 0:09:13]} 18. Bg5
{[%clk 0:08:12]} Qg6 {[%clk 0:09:22]} 19. Bd3 {[%clk 0:08:09]} f5
{[%clk 0:09:30]} 20. Bf4 {[%clk 0:07:32]} Bd7 {[%clk 0:09:23]} 21. Be5
{[%clk 0:06:38]} Bc6 {[%clk 0:09:27]} 22. f3 {[%clk 0:06:46]} Nd7
{[%clk 0:08:57]} 23. Bd6 {[%clk 0:06:20]} Rfe8 {[%clk 0:09:04]} 24. Nf4
{[%clk 0:05:14]} Qf6 {[%clk 0:08:54]} 25. Bc4 {[%clk 0:04:42]} N7b6
{[%clk 0:06:33]} 26. Bxd5 {[%clk 0:04:30]} Bxd5 {[%clk 0:06:19]} 27. Nxd5
{[%clk 0:02:34]} exd5 {[%clk 0:05:55]} 28. Bf4 {[%clk 0:01:36]} Nc4
{[%clk 0:05:59]} 29. Qf2 {[%clk 0:01:43]} g5 {[%clk 0:05:40]} 30. Bc1
{[%clk 0:01:47]} f4 {[%clk 0:05:43]} 31. b3 {[%clk 0:00:19]} Ne3 {[%clk 0:05:51]}
32. Bxe3 {[%clk 0:00:20]} fxe3 {[%clk 0:05:46]} 33. Qb2 {[%clk 0:00:30]} e2
{[%clk 0:04:19]} 34. Rfe1 {[%clk 0:00:39]} Qe6 {[%clk 0:04:28]} 35. Kh1
{[%clk 0:00:25]} Re7 {[%clk 0:03:32]} 36. h3 {[%clk 0:00:28]} Qe3
{[%clk 0:03:06]} 37. Ra2 {[%clk 0:00:14]} Rae8 {[%clk 0:03:14]} 38. Qd2
{[%clk 0:00:22]} Qf2 {[%clk 0:02:20]} 39. Raa1 {[%clk 0:00:13]} Re3
{[%clk 0:02:13]} 40. Qa5 {[%clk 0:00:22]} b5 {[%clk 0:01:30]} 41. Qc7
{[%clk 0:00:20]} R3e6 {[%clk 0:01:03]} 42. Qd7 {[%clk 0:00:26]} Qxd4
{[%clk 0:01:08]} 43. Rac1 {[%clk 0:00:24]} R6e7 {[%clk 0:01:13]} 44. Qd6
{[%clk 0:00:22]} Qe5 {[%clk 0:01:18]} 45. Qxa6 {[%clk 0:00:27]} d4
{[%clk 0:01:27]} 46. Qa5 {[%clk 0:00:14]} d3 {[%clk 0:01:31]} 47. Ra1
{[%clk 0:00:18]} Rd7 {[%clk 0:00:38]} 48. Ra2 {[%clk 0:00:22]} Red8
{[%clk 0:00:45]} 49. Qd2 {[%clk 0:00:21]} Qf4 {[%clk 0:00:47]} 50. Kg1
{[%clk 0:00:14]} Qd4+ {[%clk 0:00:54]} 51. Kh1 {[%clk 0:00:23]} h6
{[%clk 0:01:03]} 52. a4 {[%clk 0:00:28]} b4 {[%clk 0:01:01]} 53. a5
{[%clk 0:00:25]} Qc3 {[%clk 0:01:09]} 54. Kg1 {[%clk 0:00:24]} Qxb3
{[%clk 0:00:53]} 55. a6 {[%clk 0:00:14]} Qc3 {[%clk 0:01:00]} 56. Kf2
{[%clk 0:00:13]} Qxd2 {[%clk 0:00:53]} 57. Rxd2 {[%clk 0:00:22]} Ra8
{[%clk 0:01:02]} 58. Rexe2 {[%clk 0:00:26]} Rxa6 {[%clk 0:00:53]} 59. Re8+
{[%clk 0:00:35]} Kf7 {[%clk 0:01:01]} 60. Rb8 {[%clk 0:00:43]} Rd4
{[%clk 0:00:56]} 61. Ke3 {[%clk 0:00:51]} Rad6 {[%clk 0:01:05]} 62. Rb6
{[%clk 0:00:24]} Rxb6 {[%clk 0:01:03]} 63. Kxd4 {[%clk 0:00:32]} b3
{[%clk 0:01:13]} 64. Kc3 {[%clk 0:00:41]} Kf6 {[%clk 0:01:17]} 65. Rb2
{[%clk 0:00:44]} Ke5 {[%clk 0:01:26]} 66. g3 {[%clk 0:00:39]} h5 {[%clk 0:01:22]}
67. Kxd3 {[%clk 0:00:45]} h4 {[%clk 0:01:31]} 68. gxh4 {[%clk 0:00:32]} gxh4
{[%clk 0:01:40]} 69. Ke3 {[%clk 0:00:38]} Rb4 {[%clk 0:01:49]} 70. Ke2
{[%clk 0:00:14]} Kf4 {[%clk 0:01:57]} 71. Kf2 {[%clk 0:00:24]} Rb5
{[%clk 0:02:00]} 72. Ke2 {[%clk 0:00:19]} Kg3 {[%clk 0:01:50]} 73. Ke3
{[%clk 0:00:27]} Kxh3 {[%clk 0:01:48]} 74. f4 {[%clk 0:00:29]} Kg3
{[%clk 0:01:55]} 75. Rb1 {[%clk 0:00:20]} b2 {[%clk 0:01:53]} 76. Ke4
{[%clk 0:00:26]} h3 {[%clk 0:02:02]} 77. f5 {[%clk 0:00:35]} h2 {[%clk 0:01:08]}
78. f6 {[%clk 0:00:43]} Kg2 {[%clk 0:00:53]} 79. f7 h1=Q 80. Rxh1
{[%clk 0:00:41]} Kxh1 {[%clk 0:01:10]} 81. f8=Q b1=Q+ 82. Ke3 {[%clk 0:00:47]}
Qc1+ {[%clk 0:00:59]} 83. Kd4 {[%clk 0:00:42]} Qb2+ {[%clk 0:00:57]} 84. Kd3
{[%clk 0:00:15]} Rd5+ {[%clk 0:00:48]} 85. Ke4 {[%clk 0:00:15]} Qe5+
{[%clk 0:00:52]} 86. Kd4 0-1